000 00282nam a22001337a 4500
008 170508b xxu||||| |||| 00| 0 eng d
020 _a1587784947
041 _aeng
080 _28TH
_a342
100 _a15
101 _aSHJ
245 _aCONTRACTS
_cDAWSON, J.P
942 _2udc
_cBK
999 _c13015
_d13015